Losowa 4-literowa geografia - Statystyki

Ogólne statystyki
  • Ten quiz został rozwiązany 261 razy
  • Średni wynik to 7 z 14
Statystyki odpowiedzi
Wskazówka Odpowiedź % Poprawnych
Największy kontynent Azja
100%
Włoskie miasto słynące z Krzywej Wieży. Piza
96%
Największe miasto nad rzeką Nil Kair
92%
2. najdłuższa rzeka w Polsce. Odra
92%
Romulus i Remus założyli to miasto. Rzym
92%
Największe miasto na Łotwie. Ryga
90%
Pasmo górskie, które oddziela Azję i Europę. Ural
90%
Najbardziej aktywny wulkan w Europie. Etna
89%
Stolica Peru. Lima
88%
Największe pasmo górskie w Ameryce Południowej. Andy
87%
Wiedeń po niemiecku. Wien
86%
Największe miasto w Norwegii. Oslo
85%
Sąsiad Wietnamu. Laos
84%
Kolonia po niemiecku. Köln
83%
Trzecie najbardziej zaludnione miasto we Francji. Lyon
83%
Największe miasto w Korei Południowej. Seul
83%
Największa wyspa na Morzu Karaibskim. Kuba
82%
Naród wyspiarski, który jest członkiem UE. Cypr
81%
Kraj w Ameryce Południowej. Peru
81%
Kraj na Półwyspie Arabskim. Oman
80%
Największe pasmo górskie w Europie Środkowej. Alpy
78%
Najbardziej zaludniona stolica w Afryce. Kair
78%
Kraj, którego sąsiadami są Libia, Sudan, Niger itp. Czad
75%
Największe miasto w Azerbejdżanie Baku
68%
Miasto siedziby Międzynarodowego Trybunału Sprawiedliwości i Europejskiego Urzędu Policji (EUROPOL). Haga
65%
Kraj wcześniej znany jako Persja. Iran
65%
Słynna indonezyjska wyspa wypoczynkowa na archipelagu Małych Wysp Sundajskich Bali
63%
Kraj wcześniej znany jako Mezopotamia. Irak
63%
Trzecie miasto w Polsce pod względem liczby ludności. Łódź
63%
Stolicą Malediwy Male
63%
Stan USA, w którym znajduje się Cleveland. Ohio
61%
Stan USA, w którym znajduje się Salt Lake City. Utah
60%
Największa pustynia w Chinach. Gobi
59%
3 Największe i najbardziej zaludnione miasto na Mazurach. Ełk
50%
Drugie co do wielkości miasto w Irlandii. Cork
48%
Kraj graniczący z Algierią, Nigrem, Senegalem i Mauretanią. Mali
48%
3 Najdłuższa rzeka na świecie Nil
45%
Największe miasto na Grenlandii. Nuuk
45%
3 Rzeka przepływająca przez Dusseldorf i Bazyleę Ren
45%
Stolicą RFN . Bonn
44%
3 Rzeka biegnąca przez Strasburg, Bonn, Kolonię, Düsseldorf, Utrecht, Rotterdam itp. Ren
42%
Wyspa Napoleon została wygnana. Elba
41%
Wyspa Dżakarta. Jawa
41%
Jedno z wielkich jezior Ameryki Północnej. Erie
40%
Stolica Ghany. Akra
39%
Duże miasto na Syberii, ósme co do wielkości miasto w Rosji. Omsk
38%
Rzeka przepływająca przez (Sankt) Petersburg. Newa
36%
Stolicą kraju jest Lome. Togo
36%
Drugie co do wielkości miasto Czechy. Brno
33%
3 największe miasto w Kolumbii. Cali
33%
3 Najdłuższa rzeka we Włoszech Pad
32%
Stolica Jemenu. Sana
32%
3 Dopływ Narwi, przepływający przez Ukrainę, Polskę i Białoruś. Bug
30%
3 Rzeka przepływająca przez Rostów. Don
30%
Najbardziej wysunięte na północ miasto w Unii Europejskiej, piąte co do wielkości miasto w Finlandii. Oulu
30%
Tymczasowa stolica Jemenu. Aden
27%
Drugie co do wielkości miasto w Austrii. Graz
27%
Wyspa Honolulu. O'ahu
27%
Chińskie miasto z „armią terakoty” Xi'an
27%
3 Rzeka biegnąca przez Jarosław, Radymno, Przeworsk, Krzeszów San
26%
Stolica Timoru Wschodniego. Dili
25%
Trzecie co do wielkości miasto w Austrii. Linz
25%
3 Duże miasto w Rosji, stolica Baszkortostanu. Ufa
25%
3 Najdłuższa rzeka na Półwyspie Iberyjskim. Tag
24%
3 Drugie co do wielkości miasto w Maroku. Fez
23%
Stolica Togo. Lomé
21%
Stolicą Samoa Apia
20%
Irlandia po irlandzku. Eire
20%
Miasto Taj Mahal. Agra
19%
Rzeka czyli Elbe po niemiecku. Łaba
19%
Język narodowy i język urzędowy w Pakistanie. Urdu
19%
Rzeka w azjatyckiej części Rosji, 4. najdłuższa w Azji. Lena
15%
3 Rzeka przepływająca przez Innsbruck i Sankt Moritz. Inn
14%
Rzeka, która nadała nazwę gatunkowi tygrysów. Amur
13%
Stolica Fidżi Suva
13%
Nazwa Jassy po rumuńsku. Iași
10%
łańcuch górski na granicy Francji i Szwajcarii. Jura
10%
3 Miasto w środkowym Iranie, święte miasto szyitów i miejsce ich pielgrzymek. Kom
5%
Nie znaleziono quizów pasujących do podanych kryteriów
Rozkład punktacji
Procent ludzi z każdym wynikiem
Percentyl według liczby udzielonych odpowiedzi
Twoja historia wyników
Nie rozwiązałeś tego quizu